Cocktails - Statistics

General Stats
  • This quiz has been taken 183 times
  • The average score is 7 of 11
Answer Stats
Ingredients Cocktail % Correct
Gin - Vermouth - Garnish (Olive or Lemon twist) Martini
89%
White rum - Sugar - Lime juice - Soda - Mint / Spearmint / Yerba buena Mojito
84%
Tequila - Triple sec - Lime juice - Salt Margarita
83%
Orange juice - Tequila - Grenadine Tequila sunrise
79%
Coffee liqueur - Vodka - Cream / Milk White russian
79%
Vodka - Peach schnapps - Orange juice - Cranberry juice Sex on the beach
71%
Vodka - Cranberry juice - Triple sec - Lime juice Cosmopolitan
65%
Coke - Rum - Lime Cuba libre
65%
Vermouth rosso - Campari - Gin Negroni
54%
Lime juice - Cachaça - Sugar Caipirinha
42%
Cognac - Triple sec - White rum - Lemon juice Between the sheets
8%
No matching quizzes found
Score Distribution
Percent of People with Each Score
Percentile by Number Answered
Your Score History
You have not taken this quiz